000 00969nam a2200265 c 4500
001 000030304
003 RuMoIPM
005 20260414122609.0
008 230210s1991 ru ||||||| |||| ||rus d
020 _a5-02-014453-3
035 _a(RuMoBEN) 001975673
035 _a(ELAR retro) [2022] 000050443
040 _aRuMoBEN
_brus
_ercr
041 0 _arus
044 _aru
080 _a51(091)
100 1 _aКолмогоров, Андрей Николаевич
245 1 0 _aМатематика в ее историческом развитии
_b[Сборник]
_cА. Н. Колмогоров ; Под ред. В. А. Успенского
260 _aМосква
_bНаука
_c1991
300 _a223 с.
_bил., портр.
504 _aБиблиогр. в конце ст.
504 _aСписок работ А.Н. Колмогорова: с. 188-212
700 1 _aУспенский, Владимир Андреевич
_eред.
942 _cBK
999 _c30304
_d30304